States with the Most Jersey Mike's Locations Quiz - Statistics

General Stats
  • This quiz has been taken 86 times
    51 since last reset
  • The average score is 8 of 10
Answer Stats
Locations State % Correct
113 New York
97%
146 New Jersey
87%
410 California
82%
252 Florida
82%
257 Texas
79%
224 North Carolina
72%
130 Ohio
72%
106 Illinois
69%
108 Virginia
67%
134 Georgia
56%
No matching quizzes found
Score Distribution
Percent of People with Each Score
Percentile by Number Answered
Your Score History
You have not taken this quiz since the last reset